000 01261cam a22004217a 4500
001 4181
003 FISKH
005 20240625154509.0
008 100817r20102000enka j 001 0 eng
010 _a 2010281660
015 _aGBB028264
_2bnb
016 7 _a015489827
_2Uk
020 _a9781405353441 (pbk.)
020 _a1405353449 (pbk.)
020 _a9780756662813
020 _a0756662818
020 _a9780756662820
020 _a0756662826
035 _a(OCoLC)ocn449881774
040 _aUKM
_cUKM
_dBTCTA
_dJN5
_dWL8
_dTYV
_dSINLB
_dIGA
_dDLC
_beng
042 _alccopycat
050 _aQL544.W35
082 _a595.789
100 1 _aWallace, Karen.
245 1 0 _aBorn to be a butterfly /
_cKaren Wallace.
260 _aLondon :
_bDorling Kindersley,
_c2010.
300 _a31 pages :
_bcolor illustrations ;
_c23 cm
490 1 _aDK readers
_vLevel 1,
505 _aJ
520 _aSimple text and photographs describe the stages by which a butterfly develops from an egg.
521 8 _a490
_bLexile
521 8 _aJ
_bRaz-Plus
650 0 _aReaders (Primary)
650 0 _aButterflies
_xLife cycles
_vJuvenile literature.
906 _a7
_bcbc
_ccopycat
_d2
_encip
_f20
_gy-gencatlg
942 _2ddc
_cBK
_n0
999 _c4181
_d4181